Leading change in public agencies: cases from developing countries : (Record no. 2066)

000 -LEADER
fixed length control field nam a22 a 4500
003 - CONTROL NUMBER IDENTIFIER
control field AKMAL
005 - DATE AND TIME OF LATEST TRANSACTION
control field 20170515105149.0
008 - FIXED-LENGTH DATA ELEMENTS--GENERAL INFORMATION
fixed length control field 170515s2003 my g a000 | may d
020 ## - INTERNATIONAL STANDARD BOOK NUMBER
International Standard Book Number 9679933857 (kkt.) :
Terms of availability RM23.00
040 ## - CATALOGING SOURCE
Original cataloging agency AKMAL
082 04 - DEWEY DECIMAL CLASSIFICATION NUMBER
Classification number 354 LEA
Edition number 21
090 00 - LOCALLY ASSIGNED LC-TYPE CALL NUMBER (OCLC); LOCAL CALL NUMBER (RLIN)
Classification number (OCLC) (R) ; Classification number, CALL (RLIN) (NR) 354
Local cutter number (OCLC) ; Book number/undivided call number, CALL (RLIN) LEA
245 00 - TITLE STATEMENT
Title Leading change in public agencies: cases from developing countries :
Remainder of title teaching guide /
Statement of responsibility, etc. editors: Zulkurnain Hj. Awang, Lee Meng Foon
260 ## - PUBLICATION, DISTRIBUTION, ETC.
Place of publication, distribution, etc. Kuala Lumpur :
Name of publisher, distributor, etc. National Institute of Public Administration (INTAN),
Date of publication, distribution, etc. 2003
300 ## - PHYSICAL DESCRIPTION
Extent viii, 94p. ;
Dimensions 30cm.
650 #0 - SUBJECT ADDED ENTRY--TOPICAL TERM
Topical term or geographic name entry element Civil service
General subdivision Study and teaching
9 (RLIN) 4256
650 #0 - SUBJECT ADDED ENTRY--TOPICAL TERM
Topical term or geographic name entry element Public administration
General subdivision Study and teaching
9 (RLIN) 4257
700 0# - ADDED ENTRY--PERSONAL NAME
Personal name Zulkurnain Hj. Awang,
Dates associated with a name 1950 -
9 (RLIN) 2925
700 0# - ADDED ENTRY--PERSONAL NAME
Personal name Lee meng Foon
9 (RLIN) 4185
942 ## - ADDED ENTRY ELEMENTS (KOHA)
Source of classification or shelving scheme
Koha item type Book
Holdings
Withdrawn status Lost status Source of classification or shelving scheme Damaged status Not for loan Collection code Home library Current library Shelving location Date acquired Inventory number Total Checkouts Full call number Barcode Date last seen Price effective from Koha item type
          NON-FICTION AKMAL Melaka AKMAL Melaka PINJAMAN 15.05.2017 304770   354 LEA 201706074 15.05.2017 15.05.2017 Book
Pusat Sumber Maklumat Dato' Haji Sarmin Md Hussin, Akademi Kastam Diraja Malaysia, Melaka
Tel: 06-2331106 | Faks: 06-2313787